Dios, la muerte y el tiempo / (Record no. 185957)
[ view plain ]
| 000 -LEADER | |
|---|---|
| campo de control de longitud fija | 00832nam a2200253 i 4500 |
| 001 - NÚMERO DE CONTROL | |
| campo de control | 185957 |
| 003 - IDENTIFICADOR DE NÚMERO DE CONTROL | |
| campo de control | SpMaBN |
| 005 - FECHA Y HORA DE LA ÚLTIMA TRANSACCIÓN | |
| campo de control | 20250804052224.0 |
| 008 - DATOS DE LONGITUD FIJA--INFORMACIÓN GENERAL | |
| campo de control de longitud fija | 160830s1994 sp |||| | spa d |
| 020 ## - NÚMERO INTERNACIONAL ESTÁNDAR DEL LIBRO | |
| Número Internacional Estándar del Libro | 84-376-1280-2 |
| 080 ## - NÚMERO DE LA CLASIFICACIÓN DECIMAL UNIVERSAL | |
| Número de la Clasificación Decimal Universal | 128 |
| 080 ## - NÚMERO DE LA CLASIFICACIÓN DECIMAL UNIVERSAL | |
| Número de la Clasificación Decimal Universal | 211.2 |
| 100 1# - ENTRADA PRINCIPAL--NOMBRE DE PERSONA | |
| Nombre de persona | Lévinas, Emmanuel. |
| 9 (RLIN) | 71972 |
| 245 10 - MENCIÓN DEL TÍTULO | |
| Título | Dios, la muerte y el tiempo / |
| Mención de responsabilidad, etc. | Emmanuel Levinas ; texto fijado, notas y epílogo de Jacques Rolland ; [traducción de María Luisa Rodríguez Tapia]. |
| 260 ## - PUBLICACIÓN, DISTRIBUCIÓN, ETC. | |
| Lugar de publicación, distribución, etc. | Madrid : |
| Nombre del editor, distribuidor, etc. | Cátedra, |
| Fecha de publicación, distribución, etc. | [1994] |
| 300 ## - DESCRIPCIÓN FÍSICA | |
| Extensión | 283 p. ; |
| Dimensiones | 18 cm. |
| 490 1# - MENCIÓN DE SERIE | |
| Mención de serie | Teorema. |
| -- | Serie menor |
| 650 #7 - PUNTO DE ACCESO ADICIONAL DE MATERIA--TÉRMINO DE MATERIA | |
| Término de materia o nombre geográfico como elemento de entrada | Muerte |
| Fuente del encabezamiento o término | embne |
| 9 (RLIN) | 15241 |
| 650 07 - PUNTO DE ACCESO ADICIONAL DE MATERIA--TÉRMINO DE MATERIA | |
| Término de materia o nombre geográfico como elemento de entrada | Dios. |
| 9 (RLIN) | 11900 |
| 700 1# - ENTRADA AGREGADA--NOMBRE PERSONAL | |
| Nombre de persona | Rolland, Jacques. |
| 9 (RLIN) | 160626 |
| 830 0# - PUNTO DE ACCESO ADICIONAL DE SERIE-TÍTULO UNIFORME | |
| Título uniforme | Teorema. |
| -- | Serie menor |
| 9 (RLIN) | 184078 |
| 852 ## - LOCALIZACIÓN | |
| Ubicación | ES-MaACL |
| Número de control de estantería | L-30577 |
| Nota libre | . - Donat. Miguel A. Velasco |
| Estatus retirado | Estado de pérdida | Estado de daño | No para préstamo | Biblioteca de origen | Biblioteca actual | Ubicación en estantería | Fecha de adquisición | Fuente de adquisición | Total de préstamos | Signatura topográfica completa | Código de barras | Visto por última vez | Precio de reemplazo | Tipo de ítem Koha |
|---|---|---|---|---|---|---|---|---|---|---|---|---|---|---|
| Biblioteca del Ateneo de Madrid | Biblioteca del Ateneo de Madrid | Depósito 2 | 30/08/2016 | L-30577 | 1196045 | 23/02/2023 | 23/02/2023 | Libro impreso |
